Éjféli nász
Báseň michalovského profesora súkromnej prípravky na strednú školu.
| Hlavný autor: | |
|---|---|
| Médium: | Článok |
| Jazyk: | Hungarian |
| Témy: | |
| Zdroj: |
1. Felsö-Zemplén 1. Roč. 9, č. 37 (22.09.1904) s. 1 |
| LEADER | 00795nab#a2200313#ar4500 | ||
|---|---|---|---|
| 001 | 000076477 | ||
| 003 | SVKKK | ||
| 005 | 20050809xxxxxxx. | ||
| 008 | 06 c xo huno | ||
| FMT | |||
| 038 | |a SVKKK | ||
| 040 | |a SVKKK |b slo |e AACR2 | ||
| 041 | 0 | |a hun | |
| 044 | |a xo |c SK | ||
| 080 | |a 894.511-1 | ||
| 100 | 1 | |a Aczél, Dezsö |4 aut | |
| 242 | 1 | 0 | |a Polnočná svadba |
| 245 | 1 | 0 | |a Éjféli nász |c Dezsö Aczél |
| 500 | |a Ex/Ro-75 | ||
| 520 | 2 | |a Báseň michalovského profesora súkromnej prípravky na strednú školu. | |
| 650 | 0 | 4 | |a básne - lietratúra maďarská - texty |
| 773 | 0 | |t Felsö-Zemplén |g Roč. 9, č. 37 (22.09.1904) s. 1 | |
| 957 | |a Michalovce | ||
| 958 | |a DG | ||
| 958 | |a SK | ||
| 974 | |a zuz |d 20050809 | ||
| 992 | |a RBX | ||
| BAS | |||
| 998 | |a RETRO | ||